[Event "36th Olympiad"]
[Site "Turin ITA"]
[Date "2006.05.21"]
[Round "1"]
[White "Krylov,Sergey"]
[Black "Ivanchuk,V"]
[Result "1/2-1/2"]
[WhiteElo "2387"]
[BlackElo "2731"]
[EventDate "2006.05.21"]

1. e4 e5 2. Nf3 Nf6 3. Nxe5 d6 4. Nf3 Nxe4 5. d4 d5 6. Bd3 Bd6 7. O-O O-O
8. c4 c6 9. Nc3 Nxc3 10. bxc3 dxc4 11. Bxc4 Bg4 12. Qd3 Nd7 13. Re1 b5 14.
Ng5 Nf6 15. Bb3 Qc7 16. h3 Bh5 17. Ne4 Nxe4 18. Qxe4 Bg6 19. Qe2 a5 20. a4
b4 21. cxb4 axb4 22. Bd2 Rab8 23. Rac1 1/2-1/2

[Event "36th Olympiad"]
[Site "Turin ITA"]
[Date "2006.05.21"]
[Round "1"]
[White "Yarmonov,I"]
[Black "Huzman,A"]
[Result "1/2-1/2"]
[WhiteElo "2277"]
[BlackElo "2576"]
[EventDate "2006.05.21"]

1. d4 d5 2. c4 c6 3. Nf3 Nf6 4. Nc3 e6 5. cxd5 exd5 6. Bg5 h6 7. Bh4 Bf5 8.
e3 Nbd7 9. Bd3 Bxd3 10. Qxd3 Bd6 11. O-O O-O 12. Rfe1 Re8 13. Re2 Re6 14.
Rae1 Qf8 15. Nd2 Rxe3 16. fxe3 Re8 1/2-1/2

[Event "36th Olympiad"]
[Site "Turin ITA"]
[Date "2006.05.21"]
[Round "1"]
[White "Mikhalevski,V"]
[Black "Vodyasov,E"]
[Result "1-0"]
[WhiteElo "2566"]
[BlackElo "2248"]
[EventDate "2006.05.21"]

1. d4 e6 2. c4 f5 3. g3 Nf6 4. Bg2 d5 5. Nh3 c6 6. O-O Bd6 7. Nd2 O-O 8.
Nf3 Ne4 9. Qc2 b6 10. Bf4 Bb7 11. Nfg5 Nxg5 12. Nxg5 Qe7 13. Rac1 Nd7 14.
Nxe6 Qxe6 15. cxd5 cxd5 16. Bxd6 Qxd6 17. Qc7 Qxc7 18. Rxc7 Nf6 19. Rxb7
Rf7 20. Rd7 Re7 21. Re1 Kf7 22. Rc1 1-0

[Event "36th Olympiad"]
[Site "Turin ITA"]
[Date "2006.05.21"]
[Round "1"]
[White "Godena,M"]
[Black "Van Hoolandt,P"]
[Result "1/2-1/2"]
[WhiteElo "2537"]
[BlackElo "2246"]
[EventDate "2006.05.21"]

1. e4 e5 2. Nf3 Nc6 3. Bb5 Nf6 4. d3 d6 5. c3 g6 6. O-O Bg7 7. Re1 O-O 8.
Bg5 h6 9. Bh4 Bd7 10. Nbd2 Qe8 11. a4 a6 12. Bc4 Nh5 13. Nb3 Nd8 14. a5 Bb5
15. Bxb5 Qxb5 16. c4 Qe8 17. d4 exd4 18. Nfxd4 Nf4 19. Qd2 Nfe6 20. Nf5
gxf5 21. exf5 Qc6 22. fxe6 Nxe6 23. Rac1 Rfe8 24. Bg3 Ng5 25. Qc2 Rxe1+ 26.
Rxe1 Qe8 1/2-1/2

[Event "36th Olympiad"]
[Site "Turin ITA"]
[Date "2006.05.21"]
[Round "1"]
[White "Shukuraliev,A"]
[Black "Delchev,A"]
[Result "0-1"]
[WhiteElo "2267"]
[BlackElo "2640"]
[EventDate "2006.05.21"]

1. e4 c5 2. Nf3 e6 3. d4 cxd4 4. Nxd4 Nc6 5. Nc3 Qc7 6. Be2 Nf6 7. O-O a6
8. Kh1 Bb4 9. Nxc6 bxc6 10. Bd3 d5 11. Bd2 Be7 12. Nxd5 cxd5 13. exd5 exd5
0-1

[Event "36th Olympiad"]
[Site "Turin ITA"]
[Date "2006.05.21"]
[Round "1"]
[White "Davletbakov,S"]
[Black "Petkov,V"]
[Result "0-1"]
[WhiteElo "2015"]
[BlackElo "2500"]
[EventDate "2006.05.21"]

1. e4 c5 2. Nf3 d6 3. d4 cxd4 4. Nxd4 Nf6 5. Nc3 a6 6. Be3 e5 7. Nf3 Be7 8.
Bc4 O-O 9. O-O Be6 10. Bb3 Nc6 11. h3 Na5 12. Bg5 Rc8 13. Qd2 Nc4 14. Bxc4
Rxc4 15. Nxe5 dxe5 16. Rfe1 0-1

[Event "36th Olympiad"]
[Site "Turin ITA"]
[Date "2006.05.21"]
[Round "1"]
[White "Khuseinkhodzhaev,M"]
[Black "Borisek,J"]
[Result "1-0"]
[WhiteElo "2274"]
[BlackElo "2508"]
[EventDate "2006.05.21"]

1. d4 f5 2. g3 g6 3. Bg2 Bg7 4. Nh3 Nf6 5. O-O Nc6 6. c3 d6 7. Qb3 e5 8. d5
Ne7 9. Ng5 O-O 10. c4 c6 11. dxc6 bxc6 1-0

[Event "36th Olympiad"]
[Site "Turin ITA"]
[Date "2006.05.21"]
[Round "1"]
[White "Silveirinha,J"]
[Black "Smerdon,D"]
[Result "0-1"]
[WhiteElo "2126"]
[BlackElo "2460"]
[EventDate "2006.05.21"]

1. d4 Nf6 2. c4 e6 3. Nc3 c5 4. d5 exd5 5. Nxd5 Nxd5 6. Qxd5 Nc6 7. Nf3 d6
8. Bg5 Qb6 9. O-O-O Be6 10. Qe4 Qa6 11. Nd2 Qxa2 12. f4 g6 13. Bf6 Be7 14.
Bxh8 Bf5 15. Qe3 Qa1+ 16. Nb1 Qxb1+ 17. Kd2 Qc2+ 18. Ke1 Qxc4 19. Qxc5 dxc5
20. Rd6 Be4 21. Rd2 f6 22. e3 Na5 23. Bg7 a6 24. Bd3 Bc6 25. f5 Kf7 26. Bh6
0-1

[Event "36th Olympiad"]
[Site "Turin ITA"]
[Date "2006.05.21"]
[Round "1"]
[White "Lane,G"]
[Black "Celis,S"]
[Result "1-0"]
[WhiteElo "2440"]
[BlackElo "2079"]
[EventDate "2006.05.21"]

1. e4 e5 2. Nf3 Nc6 3. Bc4 Nf6 4. d3 Be7 5. O-O d6 6. a4 Bg4 7. c3 O-O 8.
Re1 Nd7 9. h3 Bh5 10. Nbd2 Kh8 11. Nf1 Bxf3 12. Qxf3 Bg5 13. Ne3 g6 14. a5
a6 15. b4 Bf6 16. Ng4 Bg5 17. Ne3 Bf6 18. Nd5 Bg7 19. Qg3 Ne7 20. Bd2 Nxd5
21. Bxd5 c6 22. Bb3 f5 23. exf5 gxf5 24. f4 Qf6 25. Re2 Rae8 26. Rae1 Qg6
27. Qf2 Re7 28. Bc2 Rfe8 29. c4 d5 30. cxd5 cxd5 31. fxe5 Rxe5 32. Ba4 Rxe2
33. Rxe2 Rxe2 34. Qxe2 Bd4+ 35. Be3 Qg7 36. Bxd7 Bxe3+ 37. Qxe3 Qxd7 38.
Qe5+ Kg8 39. Kf2 Kf7 40. Ke3 Qe6 41. Kd4 Qg6 42. Qxd5+ Kg7 43. Qxb7+ Kf8
44. Qd5 Qf6+ 45. Kc4 Qh4+ 46. d4 Qf4 47. Kc5 Qc7+ 48. Qc6 Qa7+ 49. Qb6 Qg7
50. Qb8+ Kf7 1-0

[Event "36th Olympiad"]
[Site "Turin ITA"]
[Date "2006.05.21"]
[Round "1"]
[White "Al Tamimi,H"]
[Black "Mukabi,J"]
[Result "1-0"]
[WhiteElo "2290"]
[BlackElo "2083"]
[EventDate "2006.05.21"]

1. e4 c5 2. Nf3 e6 3. c3 Nc6 4. d4 cxd4 5. cxd4 d6 6. Nc3 Nf6 7. Bd3 Be7 8.
O-O h6 9. Qe2 Bd7 10. a3 Rc8 11. Re1 a6 12. e5 dxe5 13. dxe5 Nd5 14. Nxd5
exd5 15. h3 Be6 16. Qe3 Qd7 17. Bd2 O-O 18. Bc3 Rfd8 19. Nd4 Nxd4 20. Bxd4
Bf5 21. Rad1 Rc6 22. Qf3 Bxd3 23. Rxd3 Qe6 24. Red1 Rc7 25. Qe3 Rcd7 26. f4
h5 27. Qf3 Qf5 28. g4 Qe4 29. Kg2 Rc8 30. Bc3 Qa4 31. gxh5 Rc5 32. Qg4 Qe4+
33. Kh2 Rdc7 34. Rg3 Qc2+ 35. Rd2 Qh7 36. Rdg2 Bf8 37. e6 f6 38. Bxf6 Rc2
39. Be5 Rxg2+ 40. Rxg2 Rc2 41. Qg6 1-0

[Event "36th Olympiad"]
[Site "Turin ITA"]
[Date "2006.05.21"]
[Round "1"]
[White "Grassi,E"]
[Black "Quinn,M"]
[Result "0-1"]
[WhiteElo "2065"]
[BlackElo "2399"]
[EventDate "2006.05.21"]

1. e4 c5 2. Nf3 Nc6 3. d4 cxd4 4. Nxd4 g6 5. Nc3 Bg7 6. Be3 Nf6 7. Nxc6
bxc6 8. e5 Ng8 9. f4 Nh6 10. Be2 O-O 11. Qd2 d6 12. O-O-O Qa5 13. exd6 exd6
14. Bd4 Bxd4 15. Qxd4 Nf5 16. Qf2 d5 17. g4 Nd6 18. f5 Rb8 19. Rd4 Qb6 20.
b3 Qc5 21. Na4 Qa3+ 22. Kb1 c5 23. Rxd5 Ne4 24. Qf4 Rb4 25. Bc4 Rxa4 26.
Qxe4 Qxa2+ 27. Kc1 Rxc4 28. bxc4 Bb7 29. Rhd1 Qa3+ 30. Kd2 Qb4+ 31. Ke3 Bc6
32. Kf2 Bxd5 33. Rxd5 a5 34. f6 Qc3 35. g5 a4 36. Re5 a3 37. Kg2 Qd2+ 38.
Kh3 a2 39. Re8 Qd5 0-1

[Event "36th Olympiad"]
[Site "Turin ITA"]
[Date "2006.05.21"]
[Round "1"]
[White "Maduro,S"]
[Black "Capo Vidal,U"]
[Result "1/2-1/2"]
[WhiteElo "2042"]
[BlackElo "2357"]
[EventDate "2006.05.21"]

1. e4 c5 2. Nf3 Nc6 3. d4 cxd4 4. Nxd4 Nf6 5. Nc3 e5 6. Ndb5 d6 7. Bg5 a6
8. Bxf6 gxf6 9. Na3 b5 10. Nd5 Bg7 11. Bd3 Be6 12. c3 f5 13. Nc2 Bxd5 14.
exd5 Ne7 15. O-O O-O 16. Be2 Qc8 17. Qd2 f4 18. a4 bxa4 19. Rxa4 Qb7 20. c4
f5 21. b4 Kh8 22. Rd1 Rg8 23. Bf1 Bh6 24. c5 Rg6 25. c6 Qb6 26. Qe2 Qxc6
27. dxc6 Nd5 28. Rxa6 Rxa6 29. Qxa6 Nc7 30. b5 f3 31. g3 e4 32. Nb4 e3 33.
b6 e2 34. Bxe2 fxe2 35. Re1 Bd2 36. Rxe2 Bxb4 37. Re8+ Nxe8 38. b7 Ba5 39.
b8=Q Re6 40. Qb2+ Ng7 41. Kg2 Bc7 42. Qbb7 Ne8 43. Qc8 Re7 44. Qxf5 Kg7 45.
h4 Nf6 46. g4 Rf7 47. f3 Kf8 48. Qe6 Kg7 49. g5 Ng8 50. h5 Re7 51. Qf5 Re5
52. Qd7+ Re7 53. Qf5 Re5 54. Qd7+ 1/2-1/2

[Event "36th Olympiad"]
[Site "Turin ITA"]
[Date "2006.05.21"]
[Round "1"]
[White "Abdelnabbi,I"]
[Black "Aly,G"]
[Result "1-0"]
[WhiteElo "2460"]
[BlackElo "2080"]
[EventDate "2006.05.21"]

1. e4 c5 2. Nf3 d6 3. d4 cxd4 4. Nxd4 Nf6 5. Nc3 g6 6. Be3 Bg7 7. f3 O-O 8.
Qd2 Nc6 9. O-O-O Nxd4 10. Bxd4 Be6 11. Kb1 Qc7 12. g4 Rfc8 13. h4 Qa5 14.
Nd5 Qxd2 15. Rxd2 Bxd5 16. exd5 Nd7 17. Be2 Bxd4 18. Rxd4 Rc5 19. g5 f6 20.
f4 f5 21. h5 a5 22. Rd3 Nf8 23. Rb3 Rb8 24. hxg6 hxg6 25. Re3 Kf7 26. Re1
b5 27. c3 Rb7 28. b4 axb4 29. cxb4 Rc8 30. Bd3 Ra8 31. Bc2 Rc8 32. Bb3 Re8
33. Kb2 Rc8 34. R1e2 Rcc7 35. Re1 Rc8 36. R3e2 Rcc7 37. Rd2 Nd7 38. Rh1 Nf8
39. Rd4 Rb8 40. Rh3 Kg7 41. Rd1 Rbc8 42. Re1 Kf7 43. Reh1 Kg7 44. Re3 Kf7
45. Rhe1 Rb8 46. Rc3 Rxc3 47. Kxc3 Nd7 48. Rh1 Kg7 49. a4 bxa4 50. Bxa4 Nb6
51. Bc6 Rc8 52. Kd4 Rb8 53. Ra1 Kf7 54. b5 Kf8 55. Ra7 Kf7 56. Kc3 Kf8 57.
Kb4 Kf7 58. Rb7 Rxb7 59. Bxb7 e6 60. Ka5 Nc4+ 61. Kb4 Nb6 62. dxe6+ Kxe6
63. Ka5 Nc4+ 64. Ka6 d5 65. b6 Kd6 66. Ba8 Na3 67. Bxd5 Kxd5 1-0

[Event "36th Olympiad"]
[Site "Turin ITA"]
[Date "2006.05.21"]
[Round "1"]
[White "Sarwary,H"]
[Black "Grigoryan,K"]
[Result "0-1"]
[WhiteElo "1910"]
[BlackElo "2411"]
[EventDate "2006.05.21"]

1. Nf3 c5 2. c4 Nf6 3. Nc3 d5 4. cxd5 Nxd5 5. e4 Nb4 6. d4 cxd4 7. Nxd4
Qxd4 8. Qxd4 Nc2+ 9. Kd1 Nxd4 10. Nd5 Kd8 11. Bf4 Ne6 12. Bg3 Nd7 13. Rc1
Nf6 14. Nxf6 exf6 0-1

[Event "36th Olympiad"]
[Site "Turin ITA"]
[Date "2006.05.21"]
[Round "1"]
[White "Pesqueira,J"]
[Black "Pazos,M"]
[Result "1/2-1/2"]
[WhiteElo "1992"]
[BlackElo "1976"]
[EventDate "2006.05.21"]

1. d4 Nf6 2. c4 e6 3. Nc3 Bb4 4. Nf3 c5 5. e3 Nc6 6. a3 Bxc3+ 7. bxc3 d6 8.
Bd3 e5 9. e4 h6 10. d5 Ne7 11. h3 O-O 12. O-O Ne8 13. Qc2 f5 14. exf5 Bxf5
15. Nd2 Qd7 16. Bxf5 Nxf5 17. Ne4 Nf6 18. Qd3 Rf7 19. Nxf6+ Rxf6 20. Bd2
Raf8 21. Rae1 Qf7 22. f4 exf4 23. Rxf4 Ne7 24. Ref1 Rxf4 25. Rxf4 Qg6 26.
Qe2 Rxf4 27. Bxf4 Kf7 28. Qf3 Kg8 29. Qg4 Qf6 30. Qd7 Ng6 31. Bxd6 Qxc3 32.
Qe6+ Kh7 33. Bxc5 b6 34. Bb4 Qxc4 35. Qf5 a5 36. Be7 Qd4+ 37. Kh2 Qe5+ 38.
Qxe5 Nxe5 39. Kg3 g5 40. Bd8 Nd7 41. Kf3 Kg6 42. g4 Ne5+ 43. Ke4 1/2-1/2

[Event "36th Olympiad"]
[Site "Turin ITA"]
[Date "2006.05.21"]
[Round "1"]
[White "Arancibia,E"]
[Black "Ozanne,M2"]
[Result "1-0"]
[WhiteElo "2409"]
[BlackElo "1961"]
[EventDate "2006.05.21"]

1. d4 Nf6 2. Nf3 g6 3. c4 Bg7 4. Nc3 O-O 5. Bg5 d6 6. e3 c5 7. Be2 h6 8.
Bh4 Bf5 9. O-O Nbd7 10. Rc1 Qb6 11. b3 Rfd8 12. d5 Re8 13. Nd2 g5 14. Bg3
Rad8 15. h4 gxh4 16. Bxh4 e5 17. g4 Bg6 18. e4 Rf8 19. Kg2 Rde8 20. Rh1 Nh7
21. Nf1 Ng5 22. Ng3 Nf6 23. Bxg5 hxg5 24. Qd2 Nh7 25. Nf5 Bxf5 26. gxf5 Qd8
27. Rh5 Nf6 28. Rxg5 Nh7 29. Rh5 f6 30. Rch1 Ng5 31. Rxg5 fxg5 32. Bh5 Re7
33. Qxg5 Rd7 34. Qg3 Rf6 35. Bg6 Kf8 36. Rh7 Rdf7 37. Nd1 Rxg6 38. Qxg6 Qf6
39. Ne3 Qxg6+ 40. fxg6 Rf6 41. Nf5 Rxg6+ 42. Kf3 Rf6 43. Kg4 Rg6+ 44. Kh5
Kf7 45. Rxg7+ Rxg7 46. Nxg7 Kxg7 47. Kg5 a6 48. a4 a5 49. Kf5 Kf7 50. f3 b6
51. f4 exf4 52. Kxf4 Kf6 53. e5+ dxe5+ 54. Ke4 Ke7 55. Kxe5 Kd7 56. d6 Kd8
57. Ke6 Ke8 58. d7+ Kd8 59. Kd6 b5 60. axb5 a4 61. b6 axb3 62. b7 b2 1-0

[Event "36th Olympiad"]
[Site "Turin ITA"]
[Date "2006.05.22"]
[Round "2"]
[White "Pascoal,E"]
[Black "Vasques,J"]
[Result "1-0"]
[WhiteElo "2071"]
[BlackElo "1849"]
[EventDate "2006.05.21"]

1. d4 d5 2. Nf3 e6 3. c4 b6 4. g3 Bb7 5. Bg2 dxc4 6. Qa4+ Nd7 7. O-O Ngf6
8. Qxc4 c5 9. Nc3 Rc8 10. Bg5 cxd4 11. Qxd4 Bc5 12. Qa4 Bc6 13. Qb3 h6 14.
Bf4 Nd5 15. Bd2 O-O 16. Rad1 Nxc3 17. Bxc3 Bd5 18. Qa4 Qc7 19. Qg4 f6 20.
Nh4 Bxa2 21. Qa4 Bc4 22. Rxd7 b5 23. Rxc7 bxa4 24. Rxc8 Rxc8 25. Bf3 a3 26.
bxa3 Bxa3 27. Ra1 Bc5 28. e3 Bd3 29. Bd4 Bxd4 30. exd4 Rc4 31. d5 e5 32.
Ng2 e4 33. Bg4 a6 34. Be6+ Kf8 35. Ne3 Rb4 36. h4 g6 37. h5 gxh5 38. Rc1
Rb1 39. Rxb1 Bxb1 40. d6 Ke8 41. Nd5 Kd8 42. Nxf6 a5 43. Nd7 Ba2 44. Bxa2
Kxd7 45. Bd5 Kxd6 46. Bxe4 Ke5 47. Bb1 h4 48. f4+ Kf6 49. g4 a4 50. Kg2 1-0